Where "in the world" are God's people : a Biblical guide to political involvement/
محفوظ في:
| المؤلف الرئيسي: | |
|---|---|
| التنسيق: | كتاب |
| اللغة: | الإنجليزية |
| منشور في: |
Oregon:
Development Publications,
1979
|
| الموضوعات: | |
| الوسوم: |
لا توجد وسوم, كن أول من يضع وسما على هذه التسجيلة!
|
MARC
| LEADER | 00000nam a22000007a 4500 | ||
|---|---|---|---|
| 003 | KE-NaDUL | ||
| 005 | 20230526145544.0 | ||
| 008 | 230526b |||||||| |||| 00| 0 eng d | ||
| 040 | |a DUL |c DUL |d Pmahero | ||
| 050 | |a BR115.W66 1979 | ||
| 100 | |a Woods, Dennis O. |9 130525 | ||
| 245 | |a Where "in the world" are God's people : |b a Biblical guide to political involvement/ |c by Dennis O. Woods | ||
| 260 | |a Oregon: |b Development Publications, |c 1979 | ||
| 300 | |a 92 p. | ||
| 650 | |a Religion and politics |9 130526 | ||
| 942 | |2 lcc |c REF |h BR115 |i .W66 |m 1979 |6 BR0115 W66 | ||
| 952 | |0 0 |1 0 |2 lcc |4 0 |6 BR0115 W66 01979 |7 1 |8 REF |9 137801 |a CUI |b CUI |c CUI |d 2023-05-26 |l 0 |o BR115.W66 1979 |p CUI06929 |r 2023-05-26 00:00:00 |w 2023-05-26 |x 06929 |y REF | ||
| 999 | |c 221997 |d 221996 | ||